00593nam a22001217a 4500008004100000040003100041041000800072245012900080264000900209653001300218653002200231773021800253201222b ||||| |||| 00| 0 eng d bgercDE-2950erdaaDE-2950 ager aNeumärkischer Dialekt.bDialekte und Mundarten verschwinden immer mehr ..."Dä Lumpenmann kümmt"/ von Hans Hühnerfuß c2022 aNeumarkt aDialekt / Mundart dFürstenwalde: Landsmannschaft Ostbrandenburg/ Neumark e.V.tOstbrandenburg-Neumark-Kurier: Informationsblatt der Landsmannschaft Ostbrandenburg/Neumark e.V.g36. Jahrgang (2022) Nr. 4, Dezember 2022, S. 10 - 11.